Datum a čas kvízu
33.5
Celkem bodů
Celkový počet nahraných bodů na tomto kvízu bez doplňovacích otázek.
6.
Pořadí na kvízu
Konečné umístění týmu na tomto kvízu.
Zaznamenané odpovědi
| # | Otázka | Odpověď | Body | Výsledky |
|---|---|---|---|---|
| 1. | Pro záslužný čin se rozhodlo v... | z Běloruska | 1 | |
| 2. | Sestry boromejky v polské Vrat... | opilý muž | 1 | |
| 3. | V pondělí spustila Prima nový... | Prima Show | 1 | |
| 4. | Mark Zuckerberg minulý týden n... | Meta | 1 | |
| 5. | Britská média přinesla minulý... | West Ham United | 1 | |
| 6. | Pojďme se společně chvíli troc... | Casper | 1 | |
| 7. | I v nevinně vypadajících hračk... | Annabelle | 1 | |
| 8. | Máloco člověku způsobilo takov... | A) Overlook | 0 | |
| 9. | Dokážete správně přiřadit tyto... | 1D 2B 3C 4A | 1 | |
| 10. | Čas od času se prý na rožmbers... | Perchta (z Rožmberka) | 1 |